Statistics for Kingdom Hearts 101

Click here to take the quiz!

General Stats

  • This quiz has been taken 446 times
  • The average score is 10 of 15

Answer Stats

QuestionAnswer% Correct
Who is Maleficent's Sidekick?Pete
93%
Who fights along side you against Xemnas in the final battle?Riku
87%
Who is the Villain down in the Underworld?Hades
82%
Who taught King Mickey all he knows?Yen Sid
81%
Which world is Genie from?Agrabah
80%
Who said the words: "You make a good other"?Roxas
80%
What is Donald's Uncle's name?Scrooge
77%
Who is Cloud's Nobody?Sephiroth
75%
What is Leon's Real first name?Squall
68%
When he was in darkness, What name did Ansem the Wise use?Diz
65%
What does the DTD stand for?Door to Darkness
63%
What is the name of the Theme Song?Sanctuary
54%
What is the name of the first Nobody you face with Roxas?Dusk
48%
Which Keyblade do you receive after defeating Sephiroth?Fenrir
44%
Which World has the most Treasure Chests?Twilight Town
39%

Score Distribution

Percentile by Number Answered

Percent of People with Each Score

Your Score History

You have not taken this quiz